000 00322nam a2200109Ia 4500
008 171211s9999 xx 000 0 und d
245 _aEmbodying the Feminine in the Dances of the World's Religions
245 _cAngela M. Yarber
260 _c2011
650 _xART
856 _uhttp://down.ebook777.com/062/1433115441.pdf
999 _c348575
_d348575